| 000 | 00550cam a22002291 4500 | ||
|---|---|---|---|
| 001 | sa 67001907 | ||
| 003 | DLC | ||
| 005 | 20260227112326.0 | ||
| 008 | 890921s1965 ii b 000 0 malo | ||
| 010 | _asa 67001907 | ||
| 035 | _a(OCoLC)20376768 | ||
| 040 |
_aDLC _cWaU _dDLC |
||
| 042 | _apremarc | ||
| 050 | 0 | 0 |
_aPN1055 _b.A25 |
| 100 | 1 |
_aAchuthan, M., _d1931- |
|
| 245 | 1 | 0 | _aKavitayuṃ kālavuṃ. |
| 260 | _c[1965] | ||
| 300 |
_a246 p. _c18 cm. |
||
| 500 | _aIn Malayalam. | ||
| 504 | _aBibliographical footnotes. | ||
| 650 | 0 | _aPoetry. | |
| 999 |
_c72925 _d72925 |
||